000 00355 a2200157 4500
001 62692
020 _a9788538002789
040 _cAnchieta - Pituba
100 _aDeary, Terry
240 1 0 _aA conspiração na pirâmide
_lpor
245 1 0 _aA conspiração na pirâmide
300 _a63
362 0 _a2008
650 4 _aLiteratura juvenil
942 _cBK
999 _c62692
_d62692